Találkozás szovjet tudósokkal Beszélgetés dr. Kolosváry Gáborral szovjetunióbeli tanulmányútjáról

Elmentve itt :
Bibliográfiai részletek
Dokumentumtípus: Cikk
Megjelent: 1960-01-20
Sorozat:Délmagyarország
Kulcsszavak:Kolosváry Gábor
Online Access:http://univ.bibl.u-szeged.hu/39174
LEADER 00512nab a2200157 i 4500
001 univ39174
005 20171214105119.0
008 171214s1960 hu o 0|| zxx d
040 |a SZTE UnivHistória Repozitórium  |b hun 
041 |a zxx 
245 0 0 |a Találkozás szovjet tudósokkal   |h [elektronikus dokumentum] :  |b Beszélgetés dr. Kolosváry Gáborral szovjetunióbeli tanulmányútjáról 
260 |c 1960-01-20 
300 |a 5 
490 0 |a Délmagyarország 
561 |a Egyetemi hirarchívum 
695 |a Kolosváry Gábor